000 00566nam a2200181 i 4500
001 24823
003 ES-MaACL
005 20230906153134.0
007 t|
008 021219s1979 sp ||||1| spa d
245 0 0 _aAntología de la poesía francesa actual
_b: 1960-1976 /
_c[preparada y traducida por Ximena Godoy y Louis Dalla Fior].
250 _aEd. bilingüe.
260 _aMadrid :
_bEd. Nacional,
_c[1979]
300 _a296 p. ;
_c22 cm.
700 1 _aGodoy, Ximena.
_957540
700 1 _aDalla Fior, Louis.
_942489
852 _aES-MaACL
_jA-10148
_bR.99051
999 _c24823
_d24823